| 000 | 00449nam a2200181Ia 4500 | ||
|---|---|---|---|
| 008 | 151202s9999||||xx |||||||||||||| ||und|| | ||
| 082 | _bPNVM-16227 | ||
| 100 | _aSENGUPTA N. N. | ||
| 245 | _aMENTAL GROWTH & DECAY. | ||
| 260 | _b"KITABISTAN ,ALLAHABAD." | ||
| 260 | _c0 | ||
| 300 | _a108 | ||
| 600 | _aSENGUPTA N. N. | ||
| 630 | _aMENTAL GROWTH & DECAY. | ||
| 700 | _aSENGUPTA N. N. | ||
| 730 | _aMENTAL GROWTH & DECAY. | ||
| 942 | _cBOOK | ||
| 999 |
_c1282212 _d1282209 |
||